000 00708nam a2200289Ia 4500
005 20260324141049.0
008 008 260324s9999 xx 000 0 eng d
020 _a9780203208694
037 _aEBOOK
040 _aCRL
040 _beng
040 _cCRL
041 _2eng
041 _aeng
084 _qCRL
100 _aCarolyn S. Stevens
_91206786
245 0 _aOn the Margins of Japanese Society
245 0 _bVolunteers and the Welfare of the Urban Underclass
260 _bTaylor and Francis
260 _c1997
365 _a
365 _b240
856 _uhttp://www.taylorfrancis.com/books/9780203208694
942 _cEBOOK
999 _c1809474
_d1809474